00473nam a2200157 a 450008200150000010000190001524500450003426000400007930000100011950000350012950500130016465000230017794200070020095200950020799900130030200a297.1bSER aServier, Andre aIslam and the Psychology of the Musulman aLondonbChapman and Hall Ltd.c1924 a271p. aincludes index and biblioraphy2 aAppendix aIslam-Meccan Trade cBK 00104070aHMIbHMId2007-07-30g100.00l0o297.1 SERp01645r2007-07-30w2026-01-16yEB c329d329